000 00445nam a2200169Ia 4500
008 220501s2021 xx 000 0 eng d
020 _a9789354601101
082 _a658.4012 ROT-S
100 _aRothaermel, Frank T.
245 0 _aStrategic management
_cFrank T. Rothaermel
250 _a4th
260 _aChennai
_bMcGraw Hill
_c2021
300 _axxviii, 555
650 _aManagement
650 _aStrategic planning
942 _2ddc
_cREF
_02
999 _c18467
_d18467